00418nam a2200205Ia 4500003000900000008004100009040001300050040001300063041000800076100002000084245001400104250001000118260001400128260000900142300001100151300001000162490002300172490000800195710000900203IT-RoPAU120407s9999 xx 000 0 und d aIT-RoPAU cIT-RoPAU afra aRoberto Schwarz aBrézil  aParis aGallimard c1987 a190 p. c21 cm aLes temps modernes v491 aetc.